The vital few versus the trivial many : (Record no. 1805)
[ view plain ]
| 000 -LEADER | |
|---|---|
| fixed length control field | 01101cam a2200313 a 4500 |
| 001 - CONTROL NUMBER | |
| JCCL Control Number | 1805 |
| 003 - CONTROL NUMBER IDENTIFIER | |
| JCCL marc code | BD-JhCC |
| 005 - DATE AND TIME OF LATEST TRANSACTION | |
| control field | 20171024175407.0 |
| 008 - FIXED-LENGTH DATA ELEMENTS--GENERAL INFORMATION | |
| fixed length control field | 050723s2005 njua e a 001 0 eng d |
| 020 ## - INTERNATIONAL STANDARD BOOK NUMBER | |
| International Standard Book Number | 0471681954 |
| 035 ## - SYSTEM CONTROL NUMBER | |
| system control number | (BD-JhCC)1805 |
| 040 ## - CATALOGING SOURCE | |
| Original cataloging agency | RLS |
| Transcribing agency | RLS |
| Modifying agency | DLC |
| 041 ## - LANGUAGE CODE | |
| Language code of Book | eng |
| 050 00 - LIBRARY OF CONGRESS CALL NUMBER | |
| Classification number | HG4521 |
| Item number | .M99 2005 |
| 082 00 - DEWEY DECIMAL CLASSIFICATION NUMBER | |
| Classification number | 332.6 |
| DDC Edition number | 22 |
| Author mark and Year | MUZ 2005 |
| 100 1# - MAIN ENTRY--PERSONAL NAME | |
| Personal name | Muzea, George. |
| 245 14 - TITLE STATEMENT | |
| Title | The vital few versus the trivial many : |
| Remainder of title | invest with the insiders, not the masses / |
| Statement of responsibility, etc | George Muzea. |
| 246 3# - VARYING FORM OF TITLE | |
| Title proper/short title | Vital few vs. the trivial many |
| 250 ## - EDITION STATEMENT | |
| Edition statement | Rev. and updated. |
| 260 ## - PUBLICATION, DISTRIBUTION, ETC. (IMPRINT) | |
| Place of publication, distribution, etc | Hoboken, N.J. : |
| Name of publisher, distributor, etc | Wiley, |
| Date of publication, distribution, etc | c2005. |
| 300 ## - PHYSICAL DESCRIPTION | |
| Pagination | xi, 212 p. : |
| Other physical details | ill. ; |
| Dimensions | 23 cm. |
| 500 ## - GENERAL NOTE | |
| General note | Includes index. |
| 650 #0 - SUBJECT ADDED ENTRY--TOPICAL TERM | |
| Topical term or geographic name as entry element | Investments. |
| 856 42 - ELECTRONIC LOCATION AND ACCESS | |
| Materials specified | Contributor biographical information |
| Uniform Resource Identifier | http://www.loc.gov/catdir/enhancements/fy0627/2005299274-b.html |
| 856 42 - ELECTRONIC LOCATION AND ACCESS | |
| Materials specified | Publisher description |
| Uniform Resource Identifier | http://www.loc.gov/catdir/enhancements/fy0627/2005299274-d.html |
| 856 41 - ELECTRONIC LOCATION AND ACCESS | |
| Materials specified | Table of contents only |
| Uniform Resource Identifier | http://www.loc.gov/catdir/enhancements/fy0627/2005299274-t.html |
| 942 ## - ADDED ENTRY ELEMENTS (KOHA) | |
| Source of classification or shelving scheme | Dewey Decimal Classification |
| Koha item type | Books |
| Source of classification or shelving scheme | Damaged status | Not for loan | Home library | Current library | Shelving location | Date of accession | Total Checkouts | Full call number | Barcode | Date last seen | Copy number | Koha item type |
|---|---|---|---|---|---|---|---|---|---|---|---|---|
| Dewey Decimal Classification | JCC Rouf Library | JCC Rouf Library | General Stacks | 10/24/2017 | 332.6 MUZ 2005 | 3042 | 05/26/2022 | C-1 | Books |